Quizzes
Events
Quiz Creation
Community
Videos
Private Events
Remove Ads
Sign In
Join for FREE
Feedback
Dark Mode
Quiz Categories
Sports
Geography
Music
Movies
Television
Just For Fun
Miscellaneous
History
Literature
Language
Science
Gaming
Entertainment
Religion
Holiday
For Kids
Quiz Lab
Recent
Popular Today
Quiz Kudos Today
Editor Picks
Curator Picks
Quizzes by...
Day
Popularity
Type
Ratings
Length
Year
Community
Subscriptions
Recent Discussions
Orange Saloon
Badges
Playlists
Quests
Create
Leaderboards
Showdown
Live 5
Trivia Bingo
Activity
Puzzle Library
Sporcle Events
Private Events
Virtual Trivia
Globe League
Become a Host
Pub Owners
SporcleCon
Opinionation
Our Games
Videos
Blog
Mobile Apps
Partnerships
Remove Ads and Go Orange
Feedback
Sports
Athletes
MLB
NBA
NHL
NFL
Soccer
Sports Teams
WWE
NCAA
Football
Premier League
Basketball
Baseball
Hockey
Golf
Tennis
Cricket
Rugby
Auto Racing
Olympics
World Cup
Sports
Athletes
MLB
NBA
NHL
NFL
Soccer
Sports Teams
WWE
NCAA
Football
Premier League
Basketball
Baseball
Hockey
Golf
Tennis
Cricket
Rugby
Auto Racing
Olympics
World Cup
Random Quiz
Search Sporcle
×
Quiz Lab
Quiz Lab
Sports
Baseball
Type in answers that appear in a list
Type in answers that appear in a list
Classic
Best Score? Go Orange.
Career High .... close enough - Stolen Base Edition Stats
Can you guess --- WITHIN 5 --- the most SBs the player stole in 1 season?
By
MrHogwash
3m
40 Questions
42 Plays
42 Plays
42 Plays
Comments
Comments
Give Quiz Kudos
Give Quiz Kudos
-
- Ratings
hide this ad
More Info
Forced Order
Answers have to be entered in order
Answers have to be entered in order
Wrong Answers
Some wrong answers will appear in red
Some wrong answers will appear in red
Random Order
Randomize order of answers
Randomize order of answers
Replay
Link that replays current quiz
Next Quiz
Link to next quiz in quiz playlist
You Got
0%
They Got
Avg Score
66%
Avg Friend Score
Upgrade to see
Score Distribution
Jump to the score distribution portion of the page
Score
0/40
Timer
03:00
0
Plays Today
Player
Career High
% Correct
Ruth, Babe
???
83.3%
Kendall, Jason
???
83.3%
Bench, Johnny
???
76.2%
Carter, Joe
???
73.8%
Schmidt, Mike
???
71.4%
Jackson, Reggie
???
71.4%
Yount, Robin
???
71.4%
Rose, Pete
???
71.4%
Pujols, Albert
???
71.4%
Rice, Jim
???
71.4%
Rodriguez, Ivan
???
71.4%
Raines, Tim
???
71.4%
Dawson, Andre
???
69%
Aaron, Hank
???
69%
Murphy, Dale
???
69%
Winfield, Dave
???
69%
Sheffield, Gary
???
69%
Gehrig, Lou
???
69%
Snider, Duke
???
69%
Robinson, Frank
???
66.7%
Player
Career High
% Correct
Larkin, Barry
???
66.7%
Bonds, Barry
???
64.3%
Brett, George
???
64.3%
Cepeda, Orlando
???
64.3%
Hernandez, Keith
???
64.3%
Evans, Darrell
???
64.3%
Gwynn, Tony
???
61.9%
Gibson, Kirk
???
61.9%
Grace, Mark
???
61.9%
Jeter, Derek
???
61.9%
Tejada, Miguel
???
61.9%
Cobb, Ty
???
61.9%
Damon, Johnny
???
59.5%
Bagwell, Jeff
???
59.5%
Mantle, Mickey
???
59.5%
Griffey, Ken Jr.
???
59.5%
Buckner, Bill
???
57.1%
Clemente, Roberto
???
54.8%
Hornsby, Rogers
???
54.8%
Baylor, Don
???
50%
Quiz Playlist
Details
Report
Send in Message
Add To Playlist
More Info:
For example, the most Rickey Henderson ever stole in 1 season was 130, so if you guessed anywhere within 125-135, you'd be right.
Classic:
Type in answers that appear in a list
Forced Order:
Answers have to be entered in order
Wrong Answers:
Some wrong answers will appear in red
Random Order:
Randomize order of answers
Last Updated: Feb 16, 2017
Quiz Scoreboard
CHALLENGE
Sign Up to Join the Scoreboard
Show All
Scores
Hide
Comments
May contain spoilers
Recently Published
College Basketball Coaching Resumes
by pancakes188
Sports
9m
Billboard Blitz: Fleetwood Mac
by CooCooCachoo
Music
15s
Presidents Visiting Landmarks
by Hejman
History
7m
More to Explore
Quiz From the Vault
Featured Blog Post
Where Did the Easter Bunny Come From?
hide this ad
You Might Also Like...
Tags
Baseball Quiz
Stolen Bases
Today's Top Quizzes in Sports
Browse Sports
hide this ad
Today's Top Quizzes in Baseball
Browse Baseball
Top Contributed Quizzes in Sports
1
2022 World Cup Stars
2
Les meilleurs buteurs des matchs entre le PSG et l’OM
3
FIFA Club World Cup Champions
4
Les entraîneurs de l'OM et du PSG au 21e siècle
5
Criteria MLB: Left Handed Sluggers
6
AFC Teams Reveal (Wrong Answers Minefield)
7
2023 MLB Unique Player Accomplishments
8
Players with Multiple 50 Home Run Seasons
9
5-to-1: FBS Animal Nicknames
10
5-to-1: UK Sports Teams
Explore More
Trending Topics
Disney
Marvel
Crossword
Kpop
Harry Potter
NBA
Anime
WWE
Country
NFL
Soccer
Song
The Office
Puzzle
Pokémon
hide this ad
More By:
MrHogwash
Quiz
Plays
Rating
Category
Featured
Created
Multiple MVPs/Cy Youngs, but no Hall of Fame
704
1.50
Sports
Aug 13, 2015
Most Career HRs Without Leading The League
308
4.91
Sports
Jan 21, 2016
50 Best Movies That Weren't Nominated For Best Picture
276
4.83
Entertainment
Sep 25, 2015
'3' and '3' club: Players w/ at least 3 MVPs & 3 Rings
189
4.67
Sports
Jul 30, 2015
Williams or DiMaggio?
163
3.25
Sports
Aug 18, 2015
Go to Creator's Profile
Score Distribution
Quiz Creator Spotlight
MrHogwash
Follow
Send a Message
Quizzes Created
-
Created Quiz Play Count
-
More By This Creator
Popular Quizzes Today
1
Find the US States - No Outlines Minefield
2
Find the Countries of Europe - No Outlines Minefield
3
The Countries of the World
4
Find the US States
5
Risky Map Clicking: Biggest States A-Z
6
US States
7
Popular People in 1961
8
Movies - When Are They Set?
More Sports Quizzes
Every WWE Championship Match: 2015-2018
Quiz Lab
Trending Quizzes
Risky Map Clicking: Least Populous States A-Z
1-10 Letter G Words
1-10 Letter F Words
Risky Map Clicking: Next State Alphabetically
Risky Map Clicking: Biggest States A-Z
Recently Updated
Leaping Animals
pecheneg
Reality TV Shows (A-Z)
bhenderson79
Rickey Henderson's Hall of Fame Teammates
pecheneg
Champions League XIs: Arsenal
pecheneg
Quick Pick: Celebrities in WWE's Hall of Fame
aduchscher
A-Z Keypad Blitz II
pecheneg
Multiple Oscar Actors
pecheneg
Mystery Phrase Blitz: Oscar 'Best Actors'
pecheneg
F. Scott Fitzgerald Novels
LTH
Pick 3 Villains
ddd62291
Trending Topics
Kpop
Harry Potter
Marvel
Crossword
NBA
Disney
Anime
Country
Soccer
Pokémon
Puzzle
NFL
WWE
Song
The Office
Your Account Isn't Verified!
In order to create a playlist on Sporcle, you need to verify the email address you used during registration. Go to your
Sporcle Settings
to finish the process.
Report this User
Report this user for behavior that violates our
Community Guidelines
.
Details:
Send Report
Go to the Sporcle.com Mobile Site →
Comments